Stormy Weather / (Record no. 4948)

MARC details
000 -LEADER
fixed length control field 01107nam a22003017a 4500
001 - CONTROL NUMBER
control field 4948
003 - CONTROL NUMBER IDENTIFIER
control field FISKH
005 - DATE AND TIME OF LATEST TRANSACTION
control field 20241122132032.0
008 - FIXED-LENGTH DATA ELEMENTS--GENERAL INFORMATION
fixed length control field 241028b cb ||||| |||| 00| 0 eng d
020 ## - INTERNATIONAL STANDARD BOOK NUMBER
International Standard Book Number 9780439944533
040 ## - CATALOGING SOURCE
Original cataloging agency FISKH
Language of cataloging eng
Transcribing agency FISKH
Modifying agency FISKH
050 ## - LIBRARY OF CONGRESS CALL NUMBER
Classification number QC981.G366
082 ## - DEWEY DECIMAL CLASSIFICATION NUMBER
Classification number 551.5
100 ## - MAIN ENTRY--PERSONAL NAME
Personal name Ganeri, Anita
245 ## - TITLE STATEMENT
Title Stormy Weather /
Statement of responsibility, etc. by Anita Ganeri : illustrated by Mike Phillips
250 ## - EDITION STATEMENT
Edition statement First published in the UK by Scholastic Ltd, 1999
260 ## - PUBLICATION, DISTRIBUTION, ETC.
Place of publication, distribution, etc. New York :
Name of publisher, distributor, etc. Sholastic ;
Date of publication, distribution, etc. 1999.
300 ## - PHYSICAL DESCRIPTION
Extent 160 pages :
Other physical details illustrations ;
Dimensions 20 cm .
490 ## - SERIES STATEMENT
Series statement Horrible Geography
505 ## - FORMATTED CONTENTS NOTE
Formatted contents note Z <br/><br/>
520 ## - SUMMARY, ETC.
Summary, etc. Geography with the gritty bits left in! Where in the world can you: watch tornadoes that rip houses from the ground? meet the man struck by lightning seven times? and, see frozen turtles fall from the sky? Get the Earth-shattering facts in this book.
521 8# - TARGET AUDIENCE NOTE
Target audience note 950 <br/>
Source Lexile IG <br/><br/>
521 8# - TARGET AUDIENCE NOTE
Target audience note Z <br/>
Source Raz-Plus <br/>
650 ## - SUBJECT ADDED ENTRY--TOPICAL TERM
Topical term or geographic name entry element weather
Form subdivision nono-fiction
700 ## - ADDED ENTRY--PERSONAL NAME
Personal name Phillips, Mike
Relator term illustrator
942 ## - ADDED ENTRY ELEMENTS (KOHA)
Source of classification or shelving scheme Dewey Decimal Classification
Koha item type Books
Suppress in OPAC No
Holdings
Withdrawn status Lost status Source of classification or shelving scheme Damaged status Not for loan Collection Home library Current library Shelving location Date acquired Total Checkouts Full call number Barcode Date last seen Copy number Price effective from Koha item type
    Dewey Decimal Classification     Non-Fiction Footprints International School Library Network Toul Kork Campus Footprints International School Library Network Toul Kork Campus TTP Secondary Non-Fiction Bookshelves 10/28/2024   GAN 551.5 QC981.G366 FISSE00116 10/28/2024 1 10/28/2024 Books
    Dewey Decimal Classification     Non-Fiction Footprints International School Library Network Toul Kork Campus Footprints International School Library Network Toul Kork Campus TTP Secondary Non-Fiction Bookshelves 10/28/2024   GAN 551.5 QC981.G366 FIS05343 11/22/2024 2 10/28/2024 Books